[Event "IX Open"]
[Site "Crema ITA"]
[Date "2007.09.09"]
[Round "5"]
[White "Mussap, Angelo"]
[Black "Bonazzi, Edoardo"]
[Result "1/2-1/2"]
[WhiteElo "2083"]
[BlackElo "2185"]
[PlyCount "79"]
[EventDate "2007.09.07"]

1. e4 c6 2. d4 d5 3. Nc3 dxe4 4. Nxe4 Bf5 5. Ng3 Bg6 6. h4 h6 7. h5 Bh7 8. Bd3
Bxd3 9. Qxd3 e6 10. Nf3 Nd7 11. Bf4 Qa5+ 12. c3 Ngf6 13. b4 Qb6 14. O-O Be7 15.
Ne5 O-O 16. Nxd7 Nxd7 17. Ne4 Nf6 18. Nxf6+ Bxf6 19. a4 Rfd8 20. Qg3 Rd5 21.
Bxh6 Rxh5 22. Bf4 Qd8 23. Qf3 g6 24. a5 a6 25. Rae1 Kg7 26. g4 Qd5 27. Re4 Rh3
28. Bg3 Rah8 29. Kg2 Qg5 30. Rf4 Qh6 31. Qd1 Bh4 32. Qe2 Bxg3 33. Qe5+ Kg8 34.
Qb8+ Kg7 35. Qe5+ Kg8 36. Qb8+ Kg7 37. Rxf7+ Kxf7 38. fxg3+ Ke7 39. Qc7+ Ke8
40. Qc8+ 1/2-1/2

[Event "IX Open"]
[Site "Crema ITA"]
[Date "2007.09.09"]
[Round "5"]
[White "Okhotnik, Vladimir"]
[Black "Ficco, Corrado"]
[Result "1-0"]
[WhiteElo "2468"]
[BlackElo "2158"]
[PlyCount "99"]
[EventDate "2007.09.07"]

1. e4 e6 2. d4 d5 3. exd5 exd5 4. c4 Bb4+ 5. Nc3 Nf6 6. Bd3 dxc4 7. Bxc4 O-O 8.
Nge2 c6 9. O-O Nbd7 10. Bg5 Nb6 11. Bb3 Be7 12. Qd3 Nfd5 13. Bc2 g6 14. Bxe7
Qxe7 15. Qg3 Be6 16. Rfe1 Rad8 17. h4 Qc7 18. Qf3 Nxc3 19. bxc3 Bd5 20. Qh3 Qd7
21. Qg3 Rfe8 22. h5 Qd6 23. Nf4 Nd7 24. Bd3 b5 25. hxg6 fxg6 26. a4 a6 27. axb5
axb5 28. Rxe8+ Rxe8 29. Ra7 Bf7 30. f3 b4 31. Nh5 Qxg3 32. Nxg3 Nf6 33. cxb4
Rb8 34. Ra6 Rxb4 35. Rxc6 Nd5 36. Ne2 Rb2 37. Rc2 Rb1+ 38. Kf2 Kg7 39. Be4 Rb6
40. Bxd5 Bxd5 41. Nf4 Rd6 42. Nxd5 Rxd5 43. Rc7+ Kh6 44. Ke3 Rh5 45. g4 Rh3 46.
d5 Rh1 47. Kf4 g5+ 48. Kf5 Rf1 49. Rc6+ Kg7 50. Rc3 1-0

[Event "IX Open"]
[Site "Crema ITA"]
[Date "2007.09.09"]
[Round "5"]
[White "Panizzi, Giuseppe"]
[Black "D'Apa, Matteo"]
[Result "1-0"]
[WhiteElo "2131"]
[BlackElo "2055"]
[PlyCount "95"]
[EventDate "2007.09.07"]

1. Nf3 d5 2. d4 Nf6 3. Bf4 c6 4. e3 Bg4 5. Be2 e6 6. Nbd2 Bd6 7. Bxd6 Qxd6 8.
Ne5 Bxe2 9. Qxe2 Nbd7 10. f4 Rc8 11. O-O O-O 12. c3 c5 13. g4 a6 14. Qg2 b5 15.
g5 Nh5 16. Nxd7 Qxd7 17. Nb3 cxd4 18. cxd4 g6 19. Nc5 Qd6 20. b4 Ng7 21. Qe2
Nf5 22. Rf3 Kg7 23. a4 Qc6 24. a5 Rh8 25. Rh3 h6 26. gxh6+ Rxh6 27. Rxh6 Kxh6
28. Kf2 Rh8 29. Rh1 Kg7 30. h3 Qd6 31. Nd3 Qe7 32. Qg4 Nd6 33. Ke2 Rh4 34. Qg2
Nc4 35. Nc5 Qd6 36. Qf3 Qc6 37. Rg1 Nd6 38. Qg2 Ne4 39. Rc1 Qd6 40. Nxe4 dxe4
41. Rc5 Qd7 42. Qxe4 Rxh3 43. Qe5+ Kg8 44. Rc7 Qd8 45. Rb7 Rh2+ 46. Kd3 f6 47.
Qxe6+ Kh8 48. Re7 1-0

[Event "IX Open"]
[Site "Crema ITA"]
[Date "2007.09.09"]
[Round "5"]
[White "Paravella, Alberto"]
[Black "Fizzotti, Mario"]
[Result "1-0"]
[WhiteElo "1542"]
[BlackElo "1839"]
[PlyCount "29"]
[EventDate "2007.09.07"]

1. e4 e5 2. Nf3 Nf6 3. Nxe5 d6 4. Nf3 Nxe4 5. d4 d5 6. Bd3 Nc6 7. O-O Be7 8.
Re1 Bg4 9. c4 Nf6 10. cxd5 Qxd5 11. Nc3 Qh5 12. Bb5 Bxf3 13. Qxf3 Qxf3 14. gxf3
Kd7 15. d5 1-0

[Event "IX Open"]
[Site "Crema ITA"]
[Date "2007.09.09"]
[Round "5"]
[White "Perico, Gianvittorio"]
[Black "Libutti, Michele"]
[Result "1/2-1/2"]
[WhiteElo "1697"]
[BlackElo "1878"]
[PlyCount "35"]
[EventDate "2007.09.07"]

1. e4 c6 2. d4 d5 3. Nc3 dxe4 4. Nxe4 Bf5 5. Ng3 Bg6 6. Nf3 Nd7 7. h4 h6 8. Bd3
Bxd3 9. Qxd3 Ngf6 10. O-O e6 11. c4 Bd6 12. Ne4 Nxe4 13. Qxe4 Nf6 14. Qe2 O-O
15. b3 Re8 16. Bb2 Qc7 17. Rad1 Rad8 18. Ne5 1/2-1/2

[Event "IX Open"]
[Site "Crema ITA"]
[Date "2007.09.09"]
[Round "5"]
[White "Radaelli, Pietro"]
[Black "Madaschi, Sergio"]
[Result "1/2-1/2"]
[WhiteElo "1470"]
[BlackElo "1469"]
[PlyCount "111"]
[EventDate "2007.09.07"]

1. e4 e5 2. d4 exd4 3. Qxd4 Nc6 4. Qe3 d6 5. Bc4 Nf6 6. Nc3 Be7 7. Nf3 O-O 8.
O-O b6 9. b3 Bb7 10. Bb2 Ne5 11. Nxe5 dxe5 12. Rad1 Bd6 13. f3 Qe7 14. Kh1 Bc5
15. Qg5 h6 16. Qg3 Rad8 17. Nd5 Nxd5 18. exd5 Bd6 19. Rfe1 Qf6 20. Bxe5 Bxe5
21. Rxe5 Qd6 22. Rde1 a6 23. a4 Qb4 24. Re7 Bxd5 25. Bxa6 c5 26. f4 Be6 27. Bd3
c4 28. R7xe6 fxe6 29. Bxc4 Kh8 30. Bxe6 Qxf4 31. Qxf4 Rxf4 32. Bc4 Rdf8 33. Kg1
Rf2 34. Bd3 R8f6 35. h3 g5 36. g4 Kg7 37. Re7+ Rf7 38. Rxf7+ Rxf7 39. Bf5 Kf8
40. Bd3 Rf4 41. Kg2 Ke7 42. Kg3 Ke6 43. h4 Kd5 44. hxg5 hxg5 45. Bf5 Ke5 46.
Bd3 Kd4 47. Bf5 Ke3 48. Be6 Rf3+ 49. Kg2 Kf4 50. Bd7 Re3 51. Kf2 Re5 52. Bf5
Re3 53. Kg2 Rc3 54. Kf2 Rh3 55. Kg2 Rc3 56. Kf2 1/2-1/2

[Event "IX Open"]
[Site "Crema ITA"]
[Date "2007.09.09"]
[Round "5"]
[White "Salami, Marco"]
[Black "Capata, Ion"]
[Result "1-0"]
[WhiteElo "2225"]
[BlackElo "2142"]
[PlyCount "66"]
[EventDate "2007.09.07"]

1. d4 d5 2. Nc3 Nf6 3. Bg5 Bf5 4. e3 e6 5. Bd3 Bxd3 6. cxd3 Be7 7. Nf3 O-O 8.
O-O Nbd7 9. Rb1 h6 10. Bh4 g5 11. Bg3 Nh5 12. b4 Nxg3 13. hxg3 c6 14. Nd2 f5
15. f4 Nf6 16. Nf3 gxf4 17. gxf4 Ng4 18. Qd2 Kh7 19. Ne5 Nxe5 20. fxe5 Rg8 21.
Ne2 Qd7 22. Rf3 Rg4 23. Nf4 Rag8 24. Rb2 Bg5 25. Qd1 Bxf4 26. exf4 Qd8 27. Qe1
Qb6 28. Qf2 Qa6 29. Qe1 Qb5 30. Qe3 Qa4 31. Rd2 R8g7 32. Qe1 R4g6 33. Kh2 b6
1-0

[Event "IX Open"]
[Site "Crema ITA"]
[Date "2007.09.09"]
[Round "5"]
[White "Sartorio, Diego"]
[Black "Mombelli, Antonio"]
[Result "1-0"]
[WhiteElo "1901"]
[BlackElo "1693"]
[PlyCount "91"]
[EventDate "2007.09.07"]

1. e4 c5 2. c3 Nf6 3. Bd3 Nc6 4. Nf3 d6 5. h3 e6 6. O-O Be7 7. Re1 e5 8. Bc2
O-O 9. d4 exd4 10. cxd4 Nd7 11. Nc3 cxd4 12. Nxd4 Nxd4 13. Qxd4 Qb6 14. Rd1
Qxd4 15. Rxd4 Rd8 16. Nd5 Bf8 17. Nc7 Rb8 18. Bg5 Nf6 19. Nd5 Nxd5 20. Bxd8 Nf4
21. Rd2 Be6 22. Bg5 Ng6 23. Be3 Ne5 24. b3 b6 25. Bd1 f6 26. Rc1 Nd7 27. Rc7 a6
28. Be2 Nc5 29. Bxc5 dxc5 30. Bxa6 Ra8 31. Bc4 Bxc4 32. bxc4 h6 33. Rc6 Ra4 34.
Rxb6 Rxc4 35. f3 Rb4 36. Rxb4 cxb4 37. Rd7 Bc5+ 38. Kf1 Kh7 39. Ke2 Kg6 40. Kd3
h5 41. Kc4 Bf8 42. f4 h4 43. Kd4 Kh7 44. e5 fxe5+ 45. fxe5 Kg8 46. e6 1-0

[Event "IX Open"]
[Site "Crema ITA"]
[Date "2007.09.09"]
[Round "5"]
[White "Usuelli, Michele"]
[Black "Lanni, Vincenzo"]
[Result "1-0"]
[WhiteElo "1527"]
[BlackElo "1904"]
[PlyCount "93"]
[EventDate "2007.09.07"]

1. e4 g6 2. d4 Bg7 3. f4 d5 4. e5 f6 5. Be3 Nh6 6. h3 O-O 7. Qd2 fxe5 8. fxe5
Nf5 9. Bf2 Bh6 10. Qd3 b6 11. Nf3 Bf4 12. Nbd2 Ng3 13. Rg1 Ba6 14. Qb3 Bxf1 15.
Nxf1 Ne4 16. Be3 e6 17. Bxf4 Rxf4 18. Qe3 Rf8 19. N1d2 Nxd2 20. Kxd2 Nd7 21.
Rgf1 Qe7 22. c3 c5 23. Qg5 Qg7 24. Qg4 Rae8 25. Ng5 Rf5 26. Qh4 h6 27. Nf3 g5
28. Qg4 Rf4 29. Qh5 Ref8 30. g3 R4f5 31. Nh2 Rf2+ 32. Rxf2 Rxf2+ 33. Ke3 Rf8
34. Ng4 Kh7 35. a4 a5 36. Rb1 Rf7 37. b4 cxd4+ 38. cxd4 Qg6 39. Qxg6+ Kxg6 40.
bxa5 bxa5 41. Rb5 Rf1 42. Rxa5 h5 43. Nf2 Nb6 44. Ra6 Nc4+ 45. Ke2 Ra1 46.
Rxe6+ Kf5 47. Rf6# 1-0

[Event "IX Open"]
[Site "Crema ITA"]
[Date "2007.09.09"]
[Round "5"]
[White "Valsecchi, Alessio"]
[Black "Annoni, Riccardo"]
[Result "1-0"]
[WhiteElo "2175"]
[BlackElo "2080"]
[PlyCount "52"]
[EventDate "2007.09.07"]

1. g3 e5 2. Bg2 d5 3. c4 d4 4. d3 Bb4+ 5. Nd2 c5 6. a3 Bxd2+ 7. Bxd2 a5 8. Nf3
Nc6 9. O-O a4 10. e3 Nge7 11. exd4 exd4 12. b4 axb3 13. Qxb3 h6 14. Rfe1 O-O
15. Ne5 Ra6 16. Qb5 Nxe5 17. Rxe5 b6 18. Rae1 Ra7 19. h4 f6 20. R5e2 Bg4 21. f3
Bd7 22. Qb3 Nc6 23. f4 Qc7 24. Bc1 Na5 25. Qa2 Bf5 26. Re8 Nc6 1-0

[Event "IX Open"]
[Site "Crema ITA"]
[Date "2007.09.09"]
[Round "5"]
[White "Vigano', Massimo"]
[Black "Corbellini, Nicola"]
[Result "0-1"]
[WhiteElo "2103"]
[BlackElo "1533"]
[PlyCount "94"]
[EventDate "2007.09.07"]

1. e4 c5 2. Nf3 d6 3. d4 cxd4 4. Nxd4 Nf6 5. Nc3 a6 6. Be3 e6 7. f3 b5 8. Qd2
Bb7 9. g4 Nfd7 10. g5 Nb6 11. Bd3 N8d7 12. Qf2 Rc8 13. O-O-O Rxc3 14. bxc3 Qc7
15. Ne2 Be7 16. Rhg1 Na4 17. h4 Ne5 18. h5 d5 19. Kb1 O-O 20. Rgf1 Rc8 21. Qe1
b4 22. Ka1 bxc3 23. Rb1 Ba3 24. Bc1 Bb2+ 25. Bxb2 cxb2+ 26. Rxb2 Nxb2 27. Kxb2
Nxd3+ 28. cxd3 Qc2+ 29. Ka1 Qxd3 30. Ng3 Rc2 31. Qb4 Qc4 32. Qxc4 Rxc4 33. Rb1
Bc8 34. exd5 exd5 35. Rb8 g6 36. h6 Kf8 37. Kb2 Ke7 38. Rb6 Rf4 39. Rb3 f6 40.
Ne2 Rf5 41. gxf6+ Rxf6 42. f4 Bd7 43. Kc3 Rc6+ 44. Kd4 Rc4+ 45. Ke3 Re4+ 46.
Kf3 g5 47. Re3 Bg4+ 0-1

[Event "IX Open"]
[Site "Crema ITA"]
[Date "2007.09.09"]
[Round "5"]
[White "Vishanji, Adrian"]
[Black "Marrone, Vincenzo"]
[Result "0-1"]
[WhiteElo "1821"]
[BlackElo "1939"]
[PlyCount "80"]
[EventDate "2007.09.07"]

1. e4 c5 2. Nf3 Nc6 3. d4 cxd4 4. Nxd4 Nf6 5. Nc3 e5 6. Nf3 Bb4 7. Bg5 h6 8.
Bxf6 Bxc3+ 9. bxc3 Qxf6 10. Bc4 O-O 11. O-O d6 12. Re1 Bg4 13. Re3 Rac8 14. h3
Bh5 15. Qd3 Rfd8 16. Rb1 Rc7 17. Bd5 b6 18. Nh2 Ne7 19. c4 Rdc8 20. Rb2 Ng6 21.
g3 Qg5 22. Kh1 Qf6 23. Qd2 Nf8 24. g4 Bg6 25. Rg3 Ne6 26. Nf3 Nf4 27. g5 hxg5
28. Nxg5 Nxd5 29. exd5 Rxc4 30. f3 Rc3 31. Kg2 Qe7 32. f4 Rxg3+ 33. Kxg3 exf4+
34. Qxf4 Qc7 35. Qe3 Qc3 36. Qxc3 Rxc3+ 37. Kf4 f6 38. Nf3 Bh5 39. Nd4 Rxh3 40.
Nb5 Rf3+ 0-1

[Event "IX Open"]
[Site "Crema ITA"]
[Date "2007.09.09"]
[Round "5"]
[White "Vishanji, Franz"]
[Black "Pezzotta, Gianni"]
[Result "1/2-1/2"]
[WhiteElo "1428"]
[BlackElo "1718"]
[PlyCount "79"]
[EventDate "2007.09.07"]

1. e4 c5 2. Nc3 d6 3. Bc4 Nf6 4. Nf3 g6 5. d3 Bg7 6. O-O O-O 7. Be3 a6 8. d4 b5
9. Bd5 Nxd5 10. Nxd5 Bb7 11. dxc5 Bxd5 12. Qxd5 Nd7 13. c3 Nf6 14. Qd3 d5 15.
exd5 Nxd5 16. Rad1 Nxe3 17. fxe3 Qc7 18. b4 Rad8 19. Qe2 Bxc3 20. a3 Bf6 21.
Rxd8 Rxd8 22. Rd1 Rb8 23. Qd3 Kg7 24. Qd7 Rc8 25. Qxc7 Rxc7 26. Rd5 Bb2 27. Rd3
Bf6 28. Nd4 Kf8 29. Nc2 Ke8 30. e4 Rd7 31. Rd5 e6 32. Rxd7 Kxd7 33. Kf2 Bg7 34.
Ke3 g5 35. Nd4 h6 36. Kd3 Be5 37. h3 Bf4 38. Kc3 Be5 39. Kd3 Bc7 40. Kc2
1/2-1/2

[Event "IX Open"]
[Site "Crema ITA"]
[Date "2007.09.09"]
[Round "5"]
[White "Volpi, Davide"]
[Black "Distratis, Gianluca"]
[Result "1-0"]
[WhiteElo "2008"]
[BlackElo "1881"]
[PlyCount "61"]
[EventDate "2007.09.07"]

1. Nf3 d6 2. g3 e5 3. d3 f5 4. Bg2 Nf6 5. O-O Be7 6. Nbd2 O-O 7. e4 Nc6 8. c3
Kh8 9. Qb3 Rb8 10. Ng5 Qe8 11. f4 h6 12. Ngf3 fxe4 13. dxe4 Qh5 14. f5 Ng4 15.
Nc4 d5 16. exd5 Bc5+ 17. Kh1 e4 18. Nh4 Bxf5 19. h3 Nce5 20. Nxe5 Nxe5 21. Nxf5
Rxf5 22. Bf4 Ng4 23. Qc4 Rxd5 24. Qxe4 Rbd8 25. Qf3 Nf2+ 26. Rxf2 Bxf2 27. Qxf2
Rd1+ 28. Rxd1 Rxd1+ 29. Kh2 c6 30. Bf3 Rh1+ 31. Bxh1 1-0

[Event "IX Open"]
[Site "Crema ITA"]
[Date "2007.09.09"]
[Round "5"]
[White "Vuckovic, Dimitrije"]
[Black "Albrizio, Mauro"]
[Result "0-1"]
[WhiteElo "1428"]
[BlackElo "1697"]
[PlyCount "60"]
[EventDate "2007.09.07"]

1. d4 d5 2. c4 e6 3. Nf3 Nf6 4. Nc3 c6 5. e3 Nbd7 6. Bd3 Bd6 7. Bd2 O-O 8. c5
Bc7 9. Qc2 e5 10. dxe5 Nxe5 11. h3 Nxd3+ 12. Qxd3 h6 13. g4 Re8 14. Nd4 Ne4 15.
Nxe4 Rxe4 16. Bc3 Qe7 17. b4 a6 18. a4 Bd7 19. Ke2 Re8 20. Bd2 Be5 21. Bc3 Bf6
22. Kd1 Bxd4 23. Bxd4 Qh4 24. Qf1 Bxg4+ 25. hxg4 Qxg4+ 26. Kc2 Rxd4 27. exd4
Re2+ 28. Qxe2 Qxe2+ 29. Kb3 Qd3+ 30. Kb2 Qxd4+ 0-1

[Event "IX Open"]
[Site "Crema ITA"]
[Date "2007.09.09"]
[Round "6"]
[White "Acunzo, Domenico"]
[Black "Masotti, Roberto"]
[Result "0-1"]
[WhiteElo "1776"]
[BlackElo "1948"]
[PlyCount "146"]
[EventDate "2007.09.07"]

1. e4 c5 2. Nf3 d6 3. h3 Nf6 4. c3 Nbd7 5. Bd3 b6 6. Qe2 Bb7 7. Bc2 Rc8 8. O-O
Qc7 9. Re1 e5 10. d3 Be7 11. Nbd2 O-O 12. Nf1 Rfe8 13. Ng3 g6 14. Ng5 d5 15.
exd5 Bxd5 16. N5e4 c4 17. dxc4 Bxc4 18. Bd3 Nxe4 19. Nxe4 f5 20. Bxc4+ Qxc4 21.
Qxc4+ Rxc4 22. Nd2 Rc6 23. Nf3 Bf8 24. Bd2 Bg7 25. Rad1 Rce6 26. Bh6 R6e7 27.
Bxg7 Kxg7 28. Rd2 e4 29. Rde2 Kf6 30. Nd4 Ne5 31. Kf1 Rc8 32. Rb1 Rd7 33. f3
exf3 34. Nxf3 Nxf3 35. gxf3 Kg5 36. Kg2 Kf4 37. Rbe1 Rcc7 38. Rf2 Rd3 39. Ree2
Rcd7 40. Rc2 Re3 41. b4 Rdd3 42. c4 Rxf3 43. Rxf3+ Rxf3 44. c5 Rd3 45. c6 Rd8
46. b5 Ke3 47. a4 Kd3 48. Rf2 Rd4 49. Rf3+ Kc2 50. Kg3 Rxa4 51. Rf4 Ra3+ 52.
Kh4 Rc3 53. Kg5 Kb3 54. h4 Rc5 55. Kh6 Rxb5 56. Kxh7 Rc5 57. Kxg6 Rxc6+ 58.
Kxf5 Rc1 59. h5 Rh1 60. Kg6 a5 61. h6 Rxh6+ 62. Kxh6 b5 63. Rf3+ Ka4 64. Kg5 b4
65. Kf5 b3 66. Ke4 b2 67. Rf1 Kb3 68. Kd3 a4 69. Kd2 a3 70. Rb1 Ka2 71. Rf1
b1=Q 72. Rxb1 Kxb1 73. Kd3 a2 0-1

[Event "IX Open"]
[Site "Crema ITA"]
[Date "2007.09.09"]
[Round "6"]
[White "Albrizio, Mauro"]
[Black "Lanni, Vincenzo"]
[Result "0-1"]
[WhiteElo "1697"]
[BlackElo "1904"]
[PlyCount "56"]
[EventDate "2007.09.07"]

1. e4 g6 2. Nf3 Bg7 3. d4 d6 4. Nc3 Nf6 5. Be2 O-O 6. O-O c6 7. Bg5 Nbd7 8. Qd2
e5 9. Bh6 exd4 10. Bxg7 dxc3 11. Qxc3 Kxg7 12. Rad1 Qe7 13. Rfe1 Ne5 14. Nh4
Nxe4 15. Nxg6 hxg6 16. Qd3 Nf6 17. f4 c5 18. Qc3 Nc6 19. Bf3 Qc7 20. g4 Qa5 21.
Qd3 Nd4 22. Kf2 Bxg4 23. Bxg4 Nxg4+ 24. Kg3 Nf6 25. c3 Nf5+ 26. Kf2 c4 27. Qh3
Qc5+ 28. Kf3 Rh8 0-1

[Event "IX Open"]
[Site "Crema ITA"]
[Date "2007.09.09"]
[Round "6"]
[White "Annoni, Riccardo"]
[Black "Barrera, Pietro"]
[Result "1-0"]
[WhiteElo "2080"]
[BlackElo "1905"]
[PlyCount "65"]
[EventDate "2007.09.07"]

1. e4 c5 2. Nc3 Nc6 3. g3 g6 4. Bg2 Bg7 5. d3 d6 6. Be3 e6 7. Qd2 Nd4 8. Nge2
Nxe2 9. Qxe2 Ne7 10. Qd2 h5 11. h3 Nc6 12. O-O Nd4 13. Nd1 Rb8 14. c3 Nc6 15.
f4 O-O 16. Qf2 b6 17. g4 hxg4 18. hxg4 Ne7 19. f5 exf5 20. gxf5 gxf5 21. Qg3
fxe4 22. Bg5 f5 23. Ne3 Be6 24. dxe4 Qd7 25. Rad1 Rbd8 26. exf5 Bxf5 27. Bxe7
Qxe7 28. Nxf5 Qe5 29. Bd5+ Kh7 30. Qh4+ Kg6 31. Qg4+ Kh7 32. Qh5+ Bh6 33. Qxh6#
1-0

[Event "IX Open"]
[Site "Crema ITA"]
[Date "2007.09.09"]
[Round "6"]
[White "Biava, Pierluigi"]
[Black "Colzi, Dante"]
[Result "1-0"]
[WhiteElo "1739"]
[BlackElo "1905"]
[PlyCount "137"]
[EventDate "2007.09.07"]

1. c4 e6 2. Nc3 Nf6 3. d3 b6 4. Nf3 d5 5. cxd5 exd5 6. d4 Bb7 7. e3 Be7 8. Bd3
Nbd7 9. Bd2 O-O 10. Rc1 Ne4 11. Qc2 Ndf6 12. O-O a6 13. Rfd1 Rc8 14. Be1 Re8
15. Qe2 b5 16. a3 Nxc3 17. Rxc3 Bd6 18. Bf5 Rb8 19. h4 g6 20. Bh3 Nh5 21. Qc2
Re4 22. g3 f5 23. Ng5 Re7 24. Bg2 Nf6 25. Rb3 h6 26. Nh3 Qe8 27. Bb4 Rc8 28.
Bxd6 cxd6 29. Rc3 Rc4 30. b3 Rxc3 31. Qxc3 Qf7 32. Rc1 Kh7 33. Qa5 Ne4 34. Bxe4
dxe4 35. b4 Rd7 36. Kg2 Bd5 37. Qxa6 Bc4 38. Nf4 d5 39. Qe6 Qg7 40. Rh1 Re7 41.
Qd6 Qf7 42. h5 g5 43. Ng6 Ra7 44. Ne5 Qe8 45. Qg6+ Qxg6 46. hxg6+ Kg7 47. Ra1
g4 48. Rh1 Rxa3 49. Rh5 Kf6 50. Rxh6 Ra1 51. Rh7 Bf1+ 52. Kh2 Ra8 53. Rf7+ Ke6
54. g7 Rg8 55. Rd7 Be2 56. Kg1 Ra8 57. Ra7 Rg8 58. Ra6+ Ke7 59. Rg6 Bd3 60. f3
gxf3 61. g4 fxg4 62. Nxg4 Kf7 63. Ne5+ Ke7 64. Kf2 Be2 65. Kg3 Bc4 66. Kf2 Be2
67. Rg3 Kf6 68. Ng4+ Kf7 69. Nh6+ 1-0

[Event "IX Open"]
[Site "Crema ITA"]
[Date "2007.09.09"]
[Round "6"]
[White "Bonazzi, Edoardo"]
[Black "Bozzali, Ermanno"]
[Result "1-0"]
[WhiteElo "2185"]
[BlackElo "2116"]
[PlyCount "45"]
[EventDate "2007.09.07"]

1. Nf3 d5 2. c4 c6 3. g3 Nf6 4. Bg2 Bf5 5. cxd5 cxd5 6. Qb3 Qc7 7. Nc3 e6 8. d3
Nc6 9. Bf4 Qd7 10. O-O Be7 11. Rac1 O-O 12. e4 Bg4 13. Ne5 Nxe5 14. Bxe5 dxe4
15. dxe4 Rfc8 16. h3 Bh5 17. g4 Bg6 18. Rfd1 Qc6 19. Nd5 Qe8 20. Nc7 Rxc7 21.
Rxc7 Nxe4 22. Qxb7 Bd8 23. Rc8 1-0

[Event "IX Open"]
[Site "Crema ITA"]
[Date "2007.09.09"]
[Round "6"]
[White "Bongiorni, Gabriele"]
[Black "Volpi, Davide"]
[Result "0-1"]
[WhiteElo "1816"]
[BlackElo "2008"]
[PlyCount "116"]
[EventDate "2007.09.07"]

1. d4 Nf6 2. c4 d6 3. Nc3 Nbd7 4. Bg5 g6 5. e4 Bg7 6. Be2 h6 7. Be3 e5 8. d5
O-O 9. Qd2 Kh7 10. h4 Nc5 11. f3 a5 12. g4 Ng8 13. O-O-O Bd7 14. Nh3 a4 15.
Bxc5 dxc5 16. Bd3 Nf6 17. Kb1 Ne8 18. Rh2 Nd6 19. Rdh1 Rh8 20. h5 g5 21. Qe2
Rf8 22. f4 f6 23. Rf1 Qe7 24. Rhf2 Kg8 25. f5 Rfb8 26. Rc1 Ra5 27. Nb5 c6 28.
Nxd6 Qxd6 29. Qc2 Bf8 30. Qc3 Qc7 31. dxc6 Bxc6 32. Rd2 Rd8 33. Nf2 Raa8 34.
Nd1 Rd4 35. Ne3 Rad8 36. Nd5 Bxd5 37. cxd5 Rb8 38. Bc4 Bd6 39. Rxd4 exd4 40.
Qd3 Kg7 41. Bb5 Qa5 42. Qc4 Ra8 43. Rd1 Kf8 44. Kc2 a3 45. b3 Qd8 46. Ba4 Ra5
47. Bb5 Qb6 48. Bd7 Ke7 49. Be6 Qa6 50. Rxd4 cxd4 51. Qxa6 Rxa6 52. Bc8 Ra7 53.
Kd3 Be5 54. Kc4 Kd6 55. b4 b5+ 56. Kd3 Rc7 57. Be6 Rc3+ 58. Kd2 Bf4+ 0-1

[Event "IX Open"]
[Site "Crema ITA"]
[Date "2007.09.09"]
[Round "6"]
[White "Brighenti, Alessandro"]
[Black "Vuckovic, Dimitrije"]
[Result "1-0"]
[WhiteElo "1623"]
[BlackElo "1428"]
[PlyCount "58"]
[EventDate "2007.09.07"]

1. e4 c5 2. Nc3 d6 3. g3 e5 4. Bg2 Nf6 5. d3 Be7 6. f4 g6 7. Nf3 Nc6 8. O-O Qb6
9. Be3 Nd4 10. Rb1 Be6 11. fxe5 Nxf3+ 12. Bxf3 dxe5 13. Nd5 Nxd5 14. exd5 Bh3
15. Bg2 Bxg2 16. Kxg2 Rd8 17. c4 f5 18. b4 Qc7 19. Qa4+ Kf7 20. bxc5 Bxc5 21.
Bxc5 Qxc5 22. Rxb7+ Kf6 23. Qxa7 Qxa7 24. Rxa7 Rb8 25. Rf2 Rhg8 26. Rxh7 Ra8
27. d6 Ra3 28. d7 Rxd3 29. Rb2 Rd6 1-0

[Event "IX Open"]
[Site "Crema ITA"]
[Date "2007.09.09"]
[Round "6"]
[White "Brugo, Marco"]
[Black "Castrogiovanni, Carlo"]
[Result "1-0"]
[WhiteElo "2142"]
[BlackElo "2086"]
[PlyCount "72"]
[EventDate "2007.09.07"]

1. d4 Nf6 2. Nf3 g6 3. Bf4 c5 4. c3 cxd4 5. cxd4 Nc6 6. Nc3 Nh5 7. Bd2 d5 8. e3
Bg7 9. Bd3 O-O 10. O-O Nb4 11. Bb1 Nf6 12. a3 Nc6 13. b4 Re8 14. b5 Na5 15. Ne5
Nd7 16. f4 Nxe5 17. fxe5 Nc4 18. Ba2 Nxd2 19. Qxd2 e6 20. e4 f6 21. exf6 Bxf6
22. e5 Bg5 23. Qd3 a6 24. Rf3 Rf8 25. Raf1 Rxf3 26. Qxf3 Qe7 27. Nxd5 exd5 28.
Qxd5+ Be6 29. Qxe6+ Qxe6 30. Bxe6+ Kg7 31. Rf7+ Kh6 32. Bd7 Be3+ 33. Kf1 g5 34.
d5 axb5 35. Bxb5 Kg6 36. e6 Bc5 1-0

[Event "IX Open"]
[Site "Crema ITA"]
[Date "2007.09.09"]
[Round "6"]
[White "Casartelli, Fabio"]
[Black "Vishanji, Adrian"]
[Result "0-1"]
[WhiteElo "1916"]
[BlackElo "1821"]
[PlyCount "48"]
[EventDate "2007.09.07"]

1. d4 d5 2. Bf4 e6 3. Nd2 Bd6 4. Bxd6 cxd6 5. Ngf3 Nf6 6. e3 O-O 7. Bd3 Nbd7 8.
O-O e5 9. e4 dxe4 10. Nxe4 Nxe4 11. Bxe4 Nf6 12. Ng5 h6 13. dxe5 dxe5 14. Nxf7
Kxf7 15. Qf3 Kg8 16. Qb3+ Kh8 17. Rad1 Qb6 18. Qa3 Bd7 19. Rd6 Bc6 20. Bxc6
bxc6 21. Qh3 Rad8 22. Re6 Nh7 23. Re7 Rxf2 24. Re8+ Rf8+ 0-1

[Event "IX Open"]
[Site "Crema ITA"]
[Date "2007.09.09"]
[Round "6"]
[White "Colombo, Luca"]
[Black "Vishanji, Franz"]
[Result "1-0"]
[WhiteElo "1766"]
[BlackElo "1428"]
[PlyCount "69"]
[EventDate "2007.09.07"]

1. e4 e5 2. Nf3 Nc6 3. Bb5 Qf6 4. O-O Qg6 5. Re1 d6 6. Bxc6+ bxc6 7. d4 Bh3 8.
Nh4 Qg4 9. Qxg4 Bxg4 10. dxe5 dxe5 11. h3 Be6 12. Nc3 Bb4 13. a3 Bxc3 14. bxc3
Rd8 15. Be3 Ne7 16. Rab1 a6 17. Rb7 Rd7 18. Nf3 Ng6 19. Reb1 O-O 20. Rb8 h6 21.
Rxf8+ Kxf8 22. Rb8+ Ke7 23. Bc5+ Kf6 24. h4 Bg4 25. h5 Bxh5 26. Ne1 Rd1 27. Kf1
Nf4 28. f3 Nxg2 29. Kxg2 Rxe1 30. Rb7 Re2+ 31. Kg3 Rxc2 32. Rxc7 Rxc3 33. Rxc6+
Kg5 34. Be7+ f6 35. Rxc3 1-0

[Event "IX Open"]
[Site "Crema ITA"]
[Date "2007.09.09"]
[Round "6"]
[White "Corbellini, Nicola"]
[Black "Valsecchi, Alessio"]
[Result "0-1"]
[WhiteElo "1533"]
[BlackElo "2175"]
[PlyCount "30"]
[EventDate "2007.09.07"]

1. e4 c5 2. Nf3 Nc6 3. d4 cxd4 4. Nxd4 g6 5. Nc3 Bg7 6. Be3 Nf6 7. f3 O-O 8.
Bc4 Qb6 9. Qd2 Nxe4 10. Nxc6 Nxd2 11. Bxb6 Nxc4 12. Nxe7+ Kh8 13. Nxc8 axb6 14.
Ne7 Bxc3+ 15. bxc3 Rfe8 0-1

[Event "IX Open"]
[Site "Crema ITA"]
[Date "2007.09.09"]
[Round "6"]
[White "D'Apa, Matteo"]
[Black "Sartorio, Diego"]
[Result "1/2-1/2"]
[WhiteElo "2055"]
[BlackElo "1901"]
[PlyCount "75"]
[EventDate "2007.09.07"]

1. d4 d5 2. c4 e6 3. Nf3 c6 4. Nc3 dxc4 5. a4 Bb4 6. e3 b5 7. Bd2 a5 8. axb5
Bxc3 9. Bxc3 cxb5 10. b3 Bb7 11. bxc4 b4 12. Bb2 Nf6 13. Bd3 Nbd7 14. O-O O-O
15. Re1 Ne4 16. Nd2 f5 17. Bxe4 fxe4 18. Qg4 Qf6 19. Qg3 a4 20. Rab1 Qf7 21. c5
Bd5 22. Rec1 Nf6 23. Nc4 Bxc4 24. Rxc4 Nd5 25. Rcc1 a3 26. Ba1 Rac8 27. h3 Rc6
28. Rc4 Qc7 29. Qxc7 Rxc7 30. Rb3 Rcf7 31. Rc2 Rc8 32. f3 exf3 33. e4 fxg2 34.
exd5 Rf1+ 35. Kxg2 Rxa1 36. Rxb4 exd5 37. Ra4 Rb8 38. Rf2 1/2-1/2

[Event "IX Open"]
[Site "Crema ITA"]
[Date "2007.09.09"]
[Round "6"]
[White "Distratis, Gianluca"]
[Black "Perico, Gianvittorio"]
[Result "1/2-1/2"]
[WhiteElo "1881"]
[BlackElo "1697"]
[PlyCount "66"]
[EventDate "2007.09.07"]

1. e4 c5 2. c3 d5 3. exd5 Qxd5 4. d4 e6 5. Nf3 Nf6 6. Be2 Be7 7. O-O O-O 8. Be3
Nbd7 9. Na3 a6 10. dxc5 Qxd1 11. Rfxd1 Nxc5 12. Nc4 b5 13. Nce5 Bb7 14. Nd4
Rac8 15. f3 Nd5 16. Bf2 Rfd8 17. c4 Nf4 18. cxb5 Rxd4 19. Bxd4 Nxe2+ 20. Kf1
Nxd4 21. Rxd4 Bf6 22. Rad1 g6 23. b4 Bxe5 24. Rd8+ Rxd8 25. Rxd8+ Kg7 26. bxc5
axb5 27. Ke2 Bxh2 28. Kd3 Bd5 29. a3 Kf6 30. Kc3 Ke7 31. Rc8 Kd7 32. Rf8 e5 33.
Kb4 Kc6 1/2-1/2

[Event "IX Open"]
[Site "Crema ITA"]
[Date "2007.09.09"]
[Round "6"]
[White "Ficco, Corrado"]
[Black "Mussap, Angelo"]
[Result "1-0"]
[WhiteElo "2158"]
[BlackElo "2083"]
[PlyCount "83"]
[EventDate "2007.09.07"]

1. e4 c5 2. Nf3 Nc6 3. d4 cxd4 4. Nxd4 Nf6 5. Nc3 a6 6. Nxc6 dxc6 7. Qxd8+ Kxd8
8. Bf4 b5 9. O-O-O+ Ke8 10. e5 Ng4 11. Bg3 Bf5 12. Bd3 e6 13. Bxf5 exf5 14. h3
Nh6 15. Ne2 Bc5 16. Nd4 g5 17. f4 gxf4 18. Bxf4 Bxd4 19. Bxh6 Bc5 20. Rhf1 Rd8
21. Rxf5 Rxd1+ 22. Kxd1 Be7 23. g4 Rg8 24. Bf4 Rg6 25. Rh5 Rg7 26. Ke2 Kd7 27.
Kd3 f6 28. Ke4 Rf7 29. Rf5 Ke6 30. exf6 Bxf6 31. Be5 Be7 32. Rxf7 Kxf7 33. Kf5
a5 34. g5 a4 35. h4 b4 36. b3 a3 37. h5 c5 38. g6+ hxg6+ 39. hxg6+ Kg8 40. Ke6
Bg5 41. Kd5 Be3 42. Kc4 1-0